Statistics for Daft Punk Songs

Click here to take the quiz!

General Stats

  • This quiz has been taken 486 times
  • The average score is 25 of 53

Answer Stats

Album Song % Correct
Random Access MemoriesGet Lucky
93%
DiscoveryOne More Time
85%
HomeworkAround the World
82%
DiscoveryHarder, Better, Faster, Stronger
81%
HomeworkDa Funk
75%
DiscoveryDigital Love
70%
DiscoveryAerodynamic
70%
Human After AllTechnologic
70%
Human After AllHuman After All
70%
Random Access MemoriesLose Yourself to Dance
68%
Human After AllRobot Rock
66%
Random Access MemoriesInstant Crush
62%
DiscoveryFace to Face
59%
DiscoveryToo Long
57%
Random Access MemoriesContact
56%
DiscoverySomething About Us
55%
Random Access MemoriesGive Life Back to Music
55%
Random Access MemoriesGiorgio by Moroder
54%
Random Access MemoriesTouch
54%
DiscoveryVeridis Quo
53%
DiscoveryCrescendolls
53%
DiscoverySuperheroes
51%
HomeworkRevolution 909
47%
Human After AllTelevision Rules the Nation
47%
Random Access MemoriesDoin' It Right
46%
Random Access MemoriesMotherboard
46%
Random Access MemoriesThe Game of Love
43%
Human After AllThe Prime Time of Your Life
43%
DiscoveryNightvision
42%
Random Access MemoriesWithin
42%
DiscoveryVoyager
41%
Random Access MemoriesBeyond
41%
Random Access MemoriesFragments of Time
39%
HomeworkDaftendirekt
38%
DiscoveryHigh Life
38%
HomeworkAlive
37%
DiscoveryShort Circuit
35%
Human After AllThe Brainwasher
35%
Human After AllMake Love
34%
Human After AllSteam Machine
34%
HomeworkTeachers
34%
HomeworkRollin' & Scratchin'
34%
HomeworkPhœnix
34%
HomeworkFunk Ad
33%
Human After AllEmotion
33%
HomeworkBurnin'
33%
HomeworkFresh
32%
Human After AllOn/Off
31%
HomeworkRock'n Roll
27%
HomeworkWDPK 83.7 FM
25%
HomeworkOh Yeah
22%
HomeworkIndo Silver Club
21%
HomeworkHigh Fidelity
18%

Score Distribution

Percentile by Number Answered

Percent of People with Each Score

Your Score History

You have not taken this quiz